000 01235cac a2200337 a 4500
003 CO-PeBPM
005 20260406124845.0
007 ta
008 231129s2002||||ck ||||||||||||| ||spa||
020 _a8449313066
040 _aCO-PeBPM
_bspa
_cCO-PeBPM
_erda
041 _aspa
082 0 4 _a174 G226b
_222
100 1 _aGardner, Howard
_eautor
245 1 0 _aBuen trabajo
_b: Cuando ética y excelencia convergen
_c/ Howard Gardner, Mihaly Csikszentmihalyi, William Damon; traducción de Roc Filella Escolá
250 _aPrimera edición
260 _c2002
264 _aBarcelona, España
_b: Paidós
_c, c2002
300 _a331 páginas
_c23 centimetros
490 _aPaidós Transiciones
_v41
500 _aIncluye índice y apéndices
500 _aContiene datos biográficos de los autores en la solapa del texto
650 1 7 _aÉtica periodística
_2LEMB
650 1 7 _a Ética periodística - Estudio de casos
_2LEMB
650 1 7 _aGenética - Ética profesional
_2LEMB
650 1 7 _aMedios de comunicación de masas
_2LEMB
700 1 _aCsikszentmihalyi, Mihaly
_ecoautor
700 1 _aDamon, William
_ecoautor
700 1 _aFilella Escolá, Roc
_etraducción
942 _2ddc
_cBK
999 _c6368
_d6368